000 00213nam a2200097Ia 4500
008 170619s9999 xx 000 0 und d
100 _aSingh M D
245 0 _aPOWER ELECTRONICS
260 _bMc Graw Hill
260 _c2008
546 _aENGLISH
999 _c18833
_d18833